Aves y naturaleza : (Record no. 196127)

MARC details
000 -LEADER
campo de control de longitud fija 01817cas a2200505 i 4500
001 - NÚMERO DE CONTROL
campo de control 196127
003 - IDENTIFICADOR DE NÚMERO DE CONTROL
campo de control ES-MaACL
005 - FECHA Y HORA DE LA ÚLTIMA TRANSACCIÓN
campo de control 20251203133423.0
007 - CAMPO FIJO DE DESCRIPCIÓN FÍSICA--INFORMACIÓN GENERAL
campo de control de longitud fija ta
008 - DATOS DE LONGITUD FIJA--INFORMACIÓN GENERAL
campo de control de longitud fija 240813c20109999sp qr p 0 b0spa
010 ## - NÚMERO DE CONTROL DE LA BIBLIOTECA DEL CONGRESO
Número de control de LC c
Número de control de NUCMC 1
015 ## - NÚMERO DE BIBLIOGRAFÍA NACIONAL
Número de bibliografía nacional REV1012
017 ## - NÚMERO DE COPYRIGHT O DE DEPÓSITO LEGAL
Número de copyright o de depósito legal M 10545-2010
Agencia que asigna Oficina Depósito Legal Madrid
Número de copyright o de depósito legal cancelado/o inválido M 37069-1972
022 0# - NÚMERO INTERNACIONAL NORMALIZADO PARA PUBLICACIONES SERIADAS
Número Internacional Normalizado para Publicaciones Seriadas 2171-5017
Fuente _u
035 ## - NÚMERO DE CONTROL DEL SISTEMA
Número de control de sistema (OCoLC)733127327
035 ## - NÚMERO DE CONTROL DEL SISTEMA
Número de control de sistema (SpMaBN)a4698537
035 ## - NÚMERO DE CONTROL DEL SISTEMA
Número de control de sistema 991020791049708606
037 ## - FUENTE DE ADQUISICIÓN
Fuente del número de adquisición Melquiades Biencinto, 34, 28053; tf. 91-4340910, fax 91-4340911; c.e.: avesynaturaleza@seo.org, p. web: www.seo.org
040 ## - FUENTE DE CATALOGACIÓN
Centro catalogador/agencia de origen SpMaBN
Lengua de catalogación spa
Centro/agencia transcriptor SpMaBN
Normas de descripción rdc
Centro/agencia modificador ES-MaACL
080 ## - NÚMERO DE LA CLASIFICACIÓN DECIMAL UNIVERSAL
Número de la Clasificación Decimal Universal 598.2
080 ## - NÚMERO DE LA CLASIFICACIÓN DECIMAL UNIVERSAL
Número de la Clasificación Decimal Universal 598.2:061.22(460.27 M.)
210 0# - TÍTULO ABREVIADO
Título abreviado Aves nat.
222 #0 - TÍTULO CLAVE
Título clave Aves y naturaleza
245 00 - MENCIÓN DEL TÍTULO
Título Aves y naturaleza :
Resto del título revista de SEO/Birdlife
260 ## - PUBLICACIÓN, DISTRIBUCIÓN, ETC.
Lugar de publicación, distribución, etc. Madrid
Nombre del editor, distribuidor, etc. SEO/Birdlife
Fecha de publicación, distribución, etc. D.L. 2010-
300 ## - DESCRIPCIÓN FÍSICA
Extensión v. ;
Dimensiones 29 cm
310 ## - PERIODICIDAD ACTUAL
Periodicidad actual Trimestral
336 ## - TIPO DE CONTENIDO
Término de tipo de contenido Texto (visual)
Fuente rdacontent
337 ## - TIPO DE MEDIO
Nombre/término del tipo de medio sin mediación
Fuente rdamedia
338 ## - TIPO DE SOPORTE
Fuente rdacarrier
Nombre/término del tipo de soporte volumen
362 0# - FECHAS DE PUBLICACIÓN Y/O DESIGNACIÓN SECUENCIAL
Fecha de publicación y/o designación secuencial N. 1 (invierno 2010)-
588 ## - NOTA DE FUENTE DE LA DESCRIPCIÓN
Nota de fuente de la descripción Descripción basada en: n. 28 (2018)
594 ## - Nota al título y mención de responsabilidad
Nota al título y mención de responsabilidad Título tomado de la cubierta
610 24 - PUNTO DE ACCESO ADICIONAL DE MATERIA--NOMBRE DE ENTIDAD CORPORATIVA
Nombre de entidad corporativa o nombre de jurisdicción como elemento de entrada Sociedad Española de Ornitología
Fuente del encabezamiento o término embne
9 (RLIN) 6744
650 #7 - PUNTO DE ACCESO ADICIONAL DE MATERIA--TÉRMINO DE MATERIA
Término de materia o nombre geográfico como elemento de entrada Ornitología
9 (RLIN) 136637
655 #7 - TERMINO DE INDIZACIÓN--GENERO/FORMA
9 (RLIN) 226866
Datos o término principal de género/forma Revistas
710 2# - ENTRADA AGREGADA--NOMBRE DE ENTIDAD CORPORATIVA
Nombre de entidad corporativa o nombre de jurisdicción como elemento de entrada Sociedad Española de Ornitología
Número de control del registro de autoridad o número normalizado (isni)0000000111671609
9 (RLIN) 6744
852 ## - LOCALIZACIÓN
Ubicación ES-MaACL
Ubicación en estantería Hemeroteca
Número de control de estantería HEM-1817
Donativo/Legado Donación: María José Perles
Nota libre Revista viva
-- Casillero actual
itemnumber 203953
856 4# - LOCALIZACIÓN Y ACCESO ELECTRÓNICOS
Identificador Uniforme de Recursos <a href="https://dialnet.unirioja.es/servlet/revista?codigo=13868">https://dialnet.unirioja.es/servlet/revista?codigo=13868</a>
Texto de enlace Sumarios de la revista en Dialnet
866 ## - MENCIÓN TEXTUAL DE FONDOS--UNIDAD BIBLIOGRÁFICA BÁSICA
Fondos (2018)-2024-2025-
903 ## - NOMBRE PERSONAL DE DONANTE
9 233771
a Perles Navarro, María
e Donante
942 ## - ELEMENTOS DE ENTRADA SECUNDARIOS (KOHA)
Fuente del sistema de clasificación o colocación Clasificación decimal universal
Suprimir en OPAC No
Tipo de ítem Koha Revista
955 ## - CATALOGADOR - EDICIÓN
Nombre de catalogador Verónica Torres Díaz
Holdings
Estatus retirado Estado de pérdida Fuente del sistema de clasificación o colocación Especificación de materiales (volumen encuadernado u otra parte) Estado de daño No para préstamo Colección Biblioteca de origen Biblioteca actual Ubicación en estantería Fecha de adquisición Fuente de adquisición Total de préstamos Signatura topográfica completa Código de barras Visto por última vez Precio de reemplazo Tipo de ítem Koha
    Clasificación decimal universal Ultimo número recibido: n. 46 (2025)     Periódicos y Revistas Biblioteca del Ateneo de Madrid Biblioteca del Ateneo de Madrid Hemeroteca 13/08/2024 Donación   HEM-1817 (Cº 4) 101228775 13/08/2024 13/08/2024 Revista